Music Quiz

Random Music or Artist Quiz

Badly Remembered Songs Quiz Stats

 Plays Quiz Updated Sep 18, 2016

Challenge
Share
Tweet
Embed
Score 0/20 Timer 04:00
2 Plays Today
Song(s) Artist % Correct
I Want to Hold Your WalrusThe Beatles
96.2%
Smells Like ApologiesNirvana
93.1%
The Real Slim MonsterEminem
87%
Pinball GenerationThe Who
85.5%
With or Without SundayU2
84.9%
Boulevard of Broken GunsGreen Day
78.8%
Gimme SugarThe Rolling Stones
75.2%
Wish You Were NumbPink Floyd
74.8%
Fight for Your MonkeyBeastie Boys
70.3%
One Way or GlassBlondie
70.2%
Song(s) Artist % Correct
I Want to Break DustQueen
66.1%
Shiny Happy Kenneth?R.E.M.
66.1%
People on the StormThe Doors
63.7%
By the BridgeRed Hot Chili Peppers
63.4%
Barbara Only KnowsThe Beach Boys
60.2%
Whiskey in the PuppetsMetallica
55.1%
Holidays in the UKSex Pistols
54.6%
I Love ReputationJoan Jett & the Blackhearts
51.7%
Champagne & AlcoholOasis
43.4%
Fake Plastic PoliceRadiohead
42%

You're not logged in!

Compare scores with friends on all Sporcle quizzes.
Join for Free
OR
Log In

You Might Also Like...

Show Comments

Extras

Top Quizzes Today


Score Distribution

Your Account Isn't Verified!

In order to create a playlist on Sporcle, you need to verify the email address you used during registration. Go to your Sporcle Settings to finish the process.

Report this User

Report this user for behavior that violates our Community Guidelines.

Details: